000 00610nam a2200229Ia 4500
003 OSt
005 20221007071305.0
006 a|||||r|||| 00| 0
007 ta
008 221006b |||||||| |||| 00| 0 eng d
024 _a26,665
037 _cTextual
040 _aFLL
_cFLL
_beng
041 _2eng
_aeng
082 _aZ3:924y7, D9
100 _aStrahan J. Andrew
_9628876
245 0 _aLeading cases in equity
260 _aLondon
_bButterworth & Co. UK
_c1909
300 _axxii,234,5p
_ccm.
942 _hZ3:924y7, D9
_cTEXL
_2CC
999 _c1142961
_d1142961